000 00451nam a2200145Ia 4500
008 240429s9999||||xx |||||||||||||| ||und||
041 _aeng
082 _aCR/OCE/21
100 _aThe Parliament House Of Ghana
245 0 _aSubmission Of 2021 Annual Report Of Ola College Of Education Audit Committee
300 _a5p:tabs
650 _aaudit Committee - Submission Of 2021 Annual Report Of Ola College Of Education
942 _cBMM
999 _c3375
_d3375